000
00331nam a22001457a 4500
020
_a
0071243437
040
_c
NUST
082
_a
620.106 WHI
100
_a
White, Frank M
_9
3282
245
_a
Fluid Mechanics
250
_a
5th Edition
260
_a
Boston:
_b
McGraw-Hill,
_c
2005.
650
_a
Fluid Mechanics
942
_2
ddc
_c
BK
999
_c
595606
_d
595606